| 000 | 02392nam a2200337Ia 4500 | ||
|---|---|---|---|
| 999 |
_c54999 _d54999 |
||
| 001 | 22070 | ||
| 003 | GE_BSU | ||
| 005 | 20221012155415.0 | ||
| 008 | 181216s2012||||ge |||||||||||||| ||geo|| | ||
| 020 | _a9789941437267 | ||
| 040 | _cGE_BSU | ||
| 041 | _ageo | ||
| 080 | _a398.8(495):821.14'1.09-1 ა-20 | ||
| 100 |
_aაბულაშვილი, მედეა _913967 |
||
| 245 |
_aრიტუალის ფენომენი ბერძნულ ხალხურ სიმღერებში = The phenomenon of ritual in greek folk songs / _cმედეა აბულაშვილი ; რედ. ნანა ტონია. |
||
| 264 |
_aთბილისი : _bლოგოსი, _c2012. |
||
| 300 |
_a190 გვ. ; _c20 სმ. |
||
| 490 | _aპროგრამა "ლოგოსი" პუბლიკაციები და ღონისძიებები კლასიკური ფილოლოგიის, ბიზანტინისტიკისა და ნეოგრეცისტიკის სფეროში | ||
| 500 | _aთავფურცელი აგრეთვე ბერძნულ ენაზე | ||
| 504 | _aბიბლიოგრაფია ტექსტის შენიშვნებში | ||
| 541 | _h5ლ.80თ. | ||
| 653 | _aბერძნული ლიტერატურა | ||
| 653 | _aბერძნული ხალხური სიმღერები | ||
| 653 | _a ბერძნული რიტუალები | ||
| 653 | _aბერძნული ხალხური პოემის ისტორია და კრიტიკა | ||
| 653 | _aპოპულარული ტრადიციები | ||
| 653 | _aრიტუალის ფენომენი ბერძნულ ხალხურ სიმღერებში = The phenomenon of ritual in greek folk songs | ||
| 700 |
_aტონია, ნანა _eრედაქტორი _915301 |
||
| 710 |
_aივანე ჯავახიშვილის სახელმწიფო უნივერსიტეტი _bკლასიკური ფილოლოგიის, ბიზანტინისტიკისა და ნეოგრეცისტიკის ინსტიტუტი. _915302 |
||
| 942 |
_cBK _2udc |
||